Arizona Diamondbacks - General Knowledge - Statistics

General Stats
  • This quiz has been taken 22 times
  • The average score is 9 of 10
Answer Stats
Hint Answer % Correct
How many World Series wins do they have? 1
100%
Did the win or lose in the 2023 World Series? Lose
100%
Who did they play in the 2023 World Series? Rangers
100%
When were the Diamondbacks founded? 1998
94%
In 2001, who did the Diamondbacks beat in the World Series? Yankees
94%
What division are they in? NL West
88%
Where do the Diamondbacks play? Chase Field
81%
As of 2024, who has the most career home runs on the Diamondbacks? Luis Gonzalez
81%
As of 2024, who has the most career strikeouts on the Diamondbacks? Randy Johnson
81%
What is the Diamondbacks Triple - A team called? Aces
75%
No matching quizzes found
Score Distribution
Percent of People with Each Score
Percentile by Number Answered
Your Score History
You have not taken this quiz